Statistics for Nelly Furtado Quiz

Click here to take the quiz!

General Stats

  • This quiz has been taken 83 times
  • The average score is 7 of 14

Answer Stats

QuestionAnswer% Correct
Her first ever single: I'm Like a ____Bird
84%
Her first album: Whoa, _____!Nelly
75%
Country she was born inCanada
72%
U.S. number 1 hit: Say It _____Right
69%
U.S. number 1 hit featuring TimbalandPromiscuous
66%
2006 albumLoose
59%
2006 hit: Man_____Eater
56%
Many magazines commented on how she looks like this "Friends" actressCourteney Cox
47%
She featured on the Timbaland U.S. number 1 song with Justin TimberlakeGive it to Me
47%
2017 albumThe Ride
41%
2007 award for International Female Solo ArtistBrit Award
38%
2007 award for album of the yearJuno Award
38%
She appeared on stage at this pop stars "Rebel Heart" concert in TorontoMadonna
31%
Sound engioneer she married in 2008 and divorced in 2016Demacio Castellon
22%

Score Distribution

Percentile by Number Answered

Percent of People with Each Score

Your Score History

You have not taken this quiz